Mihályi_Bence_Szakdolgozat
| Szerző: | |
|---|---|
| További közreműködők: | |
| Dokumentumtípus: | Diplomadolgozat |
| Kulcsszavak: | fenntarthatóság internet közösség közösségi oldalak okosváros |
| Online Access: | http://dolgozattar.uni-bge.hu/59584 |
MARC
| LEADER | 00000nta a2200000 i 4500 | ||
|---|---|---|---|
| 001 | dolg59584 | ||
| 005 | 20260409145249.0 | ||
| 008 | 260409suuuu hu om 000 hun d | ||
| 040 | |a BGE Dolgozattár Repozitórium |b hun | ||
| 041 | |a hu | ||
| 100 | 1 | |a Mihályi Bence | |
| 245 | 1 | 0 | |a Mihályi_Bence_Szakdolgozat |c Mihályi Bence |h [elektronikus dokumentum] |
| 520 | 3 | |a Szakdolgozatomban azt vizsgáltam, hogyan segíthetnek a digitális technológiák a helyi közösségek megerősítésében és a lakosság aktív bevonásában a döntéshozatali folyamatokba. Célom az volt, hogy megértsem, miért gyengültek meg a közösségi kapcsolatok a kisebb településeken, és hogyan lehet ezeket újjáépíteni az online tér lehetőségeinek kihasználásával. A Giffinger-féle okosváros-modell alapján olyan stratégiát dolgoztam ki, amely a digitalizáció révén támogatja a közösségi aktivitást, a transzparens kormányzást és a fenntartható fejlődést. Kérdőíves kutatásomat saját településem lakossága körében végeztem, amelyből kiderült, hogy van igény egy digitális közösségi térre, ahol a lakosok véleményt formálhatnak, eseményeket szervezhetnek, és aktívan részt vehetnek a közösségi életben. A dolgozat gyakorlati javaslatokat is megfogalmaz arra, hogyan lehet az idősebb generációkat is bevonni a digitális közösségépítésbe, megőrizve a hagyományokat, miközben a modern technológia eszközeit is alkalmazzuk. | |
| 695 | |a fenntarthatóság | ||
| 695 | |a internet | ||
| 695 | |a közösség | ||
| 695 | |a közösségi oldalak | ||
| 695 | |a okosváros | ||
| 700 | 1 | |a Joós Tamás |e ths | |
| 856 | 4 | 0 | |u http://dolgozattar.uni-bge.hu/59584/1/Mih%C3%A1lyi%20Bence_Szakdolgozat_2025.pdf |z Dokumentum-elérés |
| 856 | 4 | 0 | |u http://dolgozattar.uni-bge.hu/59584/2/Mih%C3%A1lyi%20Bence%20konzulensi%20%C3%A9rt%C3%A9kel%C3%A9s.pdf |z Dokumentum-elérés |
| 856 | 4 | 0 | |u http://dolgozattar.uni-bge.hu/59584/3/Mih%C3%A1lyi%20Bence.pdf |z Dokumentum-elérés |